| 000 | 00582nam a2200205 a 4500 | ||
|---|---|---|---|
| 001 | 0269 | ||
| 005 | 20140414131909.0 | ||
| 008 | 040902s19uu xx 00 eng d | ||
| 020 | _a0-330-40044-4 | ||
| 050 |
_aER _bB64 2001 |
||
| 100 | _aCornwell, Allan | ||
| 245 |
_aBonehead: you're a hero, digger bone / _cwritten by Allan Cornwell ; illustrated by JM Artworks. |
||
| 260 |
_aAustralia : _bPancake Press, _c2001. |
||
| 300 | _a1 v. (unp.) ; ill. | ||
| 440 | _aBonehead | ||
| 650 |
_aDogs _xfiction. |
||
| 650 |
_aAdventures _xfiction. |
||
| 999 |
_c111092 _d111092 |
||